Instructor's manual to accompany marketing management : strategies and programs
Αποθηκεύτηκε σε:
| Κύριος συγγραφέας: | |
|---|---|
| Άλλοι συγγραφείς: | , |
| Μορφή: | Βιβλίο |
| Γλώσσα: | English |
| Δημοσίευση: |
New York :
McGraw-Hill,
c1997
|
| Έκδοση: | 6th ed. |
| Θέματα: | |
| Ετικέτες: |
Προσθήκη ετικέτας
Δεν υπάρχουν, Καταχωρήστε ετικέτα πρώτοι!
|
MARC
| LEADER | 00000nam a2200000 i 4500 | ||
|---|---|---|---|
| 001 | 1/64997 | ||
| 008 | 980818s1997 eng d | ||
| 020 | |a 0070490988 | ||
| 035 | |l 10029540 | ||
| 040 | |a GR-MY-UA |b gre |e aacr | ||
| 041 | 0 | |a eng | |
| 082 | 0 | |a 658.8 | |
| 100 | 1 | |a Guiltinan, Joseph, P. | |
| 245 | 1 | 0 | |a Instructor's manual to accompany marketing management : |b strategies and programs / |c Joseph P. Guiltinan, Gordon W. Paul, Thomas J. Madden |
| 250 | |a 6th ed. | ||
| 260 | |a New York : |b McGraw-Hill, |c c1997 | ||
| 300 | |a ix, 527 σ. | ||
| 650 | 0 | 0 | |a Marketing. |
| 650 | 0 | 0 | |a Management. |
| 700 | 1 | |a Paul, Gordon, W. | |
| 700 | 1 | |a Madden, Thomas J. | |
| 852 | |a INST |b CHIOS |e 19980818 |h 658.8 GUI |p 005200015955 |q 005200015955 |t BK |y 0 | ||
| 901 | |a BIBL-1998-2 | ||
| 909 | |a Χ |b 058319 | ||
| 922 | |a 2ΕΛΗ |b 199807 |c ΤΔΕ |d ΠΑΠΑΣΩΤΗΡΙΟΥ | ||